Estadísticas para Países de América del Sur

Haz click aquí para tomar la prueba!

Estadísticas generales

  • Esta prueba ha sido tomada 2.305 veces
  • La puntuación promedio es 11 de 12

Estadísticas de respuestas

País% Correcto
Argentina
98%
Chile
96%
Colombia
95%
Brasil
94%
Uruguay
94%
Venezuela
94%
Paraguay
93%
Perú
93%
Bolivia
92%
Ecuador
90%
Surinam
75%
Guayana
68%

Distribución de puntuación

Porcentaje por número respondido

Porcentaje de gente con cada puntuación

Historial de tus puntuaciones

No has tomado esta prueba